US State or European Country? - Statistics

General Stats
  • This quiz has been taken 60 times
  • The average score is 9 of 15
Answer Stats
Question Answer % Correct
Percent forest cover Latvia
100%
CO2 emissions (total/year) Ohio
100%
Universities Rhode Island
100%
GDP Florida
50%
GDP per capita Massachusetts
50%
Bordering countries/states Missouri
50%
Area Montana
50%
Oil produced (barrels per day) Norway
50%
Population Poland
50%
Coastline Portugal
50%
UNESCO World Heritage sites Serbia
50%
Population of capital city (metro area) Spain
50%
Times hosting Summer Olympics (through 2018) United Kingdom
50%
Guns per capita Virginia
50%
Fortune 500 companies France
0%
No matching quizzes found
Score Distribution
Percent of People with Each Score
Percentile by Number Answered
Your Score History
You have not taken this quiz